| 000 | 00378 a2200157 4500 | ||
|---|---|---|---|
| 001 | 170322 | ||
| 020 | _a0-19-424337-0 | ||
| 040 | _cMagnum | ||
| 100 | _aHines, Alan | ||
| 240 | 1 | 0 |
_aRip van winkle & the legend of sleepy hollow _lING |
| 245 | 1 | 0 | _aRip van winkle & the legend of sleepy hollow |
| 300 | _a44 | ||
| 362 | 0 | _a2003 | |
| 697 | _aLITERATURA INGLESA | ||
| 942 | _cBK | ||
| 999 |
_c170322 _d170322 |
||